Europa

Saved in:
Bibliografiske detaljer
Hovedforfatter: Derruau, Max (Author)
Format: Bog
Sprog:spansk
Udgivet: Barcelona Labor 1965
Fag:
Tags: Tilføj Tag
Ingen Tags, Vær først til at tagge denne postø!

MARC

LEADER 00000nam a2200000 a 4500
001 UCU2007
003 CL-VaPUC
008 960419e19650000SP |||||||||||||||||spa|d
082 0 4 |a 914  |b DER  |2 21 
100 0 |a Derruau, Max  |e author  |9 357830 
245 1 0 |a Europa 
300 |a 544 p 
942 |c BK 
945 |d 19960419 00:00:00  |a lriquelm 
260 |a Barcelona  |b Labor  |c 1965 
650 0 |a Geografía  |9 259346 
650 0 |a Topografía   |9 260423 
650 0 |a Suelos  |9 260322 
651 0 |a Europa  |9 255156 
651 7 |a MEDITERRANEO  |2 CL-VaPUC  |9 269643 
651 0 |a Inglaterra  |9 255158 
651 0 |a Italia  |9 254949 
651 0 |a España  |9 254926 
651 0 |a Alemania  |9 255688 
651 0 |a Suiza   |9 256768 
651 7 |a BELGICA  |2 CL-VaPUC  |9 315122 
651 7 |a LUXENBURGO  |2 CL-VaPUC  |9 357831 
651 0 |a Holanda  |9 267234 
651 7 |a POLONIA  |2 CL-VaPUC  |9 321936 
651 7 |a CHECOSLOVAQUIA  |2 CL-VaPUC  |9 357832 
651 7 |a HUNGRIA  |2 CL-VaPUC  |9 336650 
651 0 |a Rumania  |9 314414 
651 0 |a Bulgaria  |9 344270 
651 7 |a ALBANIA  |2 CL-VaPUC  |9 357833 
651 7 |a YUGOESLAVIA  |2 CL-VaPUC  |9 357834 
651 0 |a Unión Soviética  |9 256769 
651 0 |a Grecia  |9 265314 
651 7 |a TURQUIA  |2 CL-VaPUC  |9 343267 
583 |a last modification  |c 19960419 00:00:00  |k Rodrigo Vera 
999 |c 246414  |d 246412 
952 |0 0  |1 0  |4 0  |6 914_000000000000000_DER_1965  |7 0  |8 A  |9 261370  |a BIBING  |b BIBING  |d 2019-11-19  |i 2017989  |o 914 DER 1965  |p 2017989  |r 2025-01-20  |w 2019-11-19  |y BK  |k GEO